| 000 | 00957nam a2200229Ii 4500 | ||
|---|---|---|---|
| 003 | JO-AjNU | ||
| 008 | 230605s9999||||xx |||||||||||||| ||und|| | ||
| 020 | _a1-56564-450-6 | ||
| 040 |
_aJO-AjNU _bara _erda _cJO-AjNU |
||
| 041 | _aara | ||
| 050 | 1 | 4 | _aBP175.A54 2005 |
| 100 | 3 |
_aالعاني، نزار محمد سعيد, _eauthor _952577 |
|
| 245 | 0 | 0 | _aالشخصية الإنسانية في الفكر الإسلامي دراسة مقارنة |
| 250 | _aط2 | ||
| 264 | 3 | 1 | _aفيرجينيا: المعهد العالمي للفكر الاسلامي، 2005 |
| 300 |
_a272ص _bالكشافات والملاحق ص 235-272 |
||
| 336 |
_atext _btxt _2rdacontent |
||
| 337 |
_aunmediated _bn _2rdamedia |
||
| 338 |
_avolume _bnc _2rdacarrier |
||
| 490 | 0 | _aسلسلة بحوث علمية-اسلامية علم النفس رقم 15 | |
| 650 | 4 |
_aالاسلام وعلم النفس- الشخصية الاسلامية- الفكر الاسلامي _952578 |
|
| 999 |
_aA23299 _c26867 _d26867 |
||